00282nam a2200097Ia 4500008004100000082001500041100001500056245006400071260004000135300000900175210430s9999 xx 000 0 und d a897 K511 M aBruch King aModern Indian Poetry in English Revised editioncBruch King aIndiabOXFORDUniversity Pressc2007 a415p